000 00977nam a2200241 a 4500
005 20070209063634.0
008 060905s2006 ii b b 001 0 eng
010 _aENG-93465
020 _a8188683485
_c430.00
020 _a9788188683482
_c430.00
035 _aEN-76998
037 _bDBAD / PUB
040 _adpl
_bEnglish
082 _a327.1091824
100 _aTiwari, Sanjeev Kumar
245 _aIndian Ocean Rim-Association for Regional Cooperation (IOR-ARC):
_cby Sanjeev Kumar Tiwari
_bproblems and prospects /
260 _aDelhi
_bAbhijeet Publications
_c2004
270 _a2/46 Tukhmeerpur Extension
_bDelhi
_e110094
300 _avii, 158p.
_c22cm (Hb)
500 _aIncludes bibliographical references and index
942 _2ddc
_cEN
_mTIW
_h327.1091824
999 _c26146
_d26146